000 00626nam a2200229Ia 4500
003 OSt
005 20220928113436.0
006 a|||||r|||| 00| 0
007 ta
008 220927b |||||||| |||| 00| 0 eng d
024 _a73730
037 _cTextual
040 _aSDCL
_cSDCL
_beng
041 _2eng
_aeng
082 _aQ11x, K3
100 _aAgrawala Vasudeva S
_9395732
245 0 _aHymn of creation
_b Nasadiya sukta, Rigveda,x.129.
260 _aVaranasi
_bPritihivi Prakashan
_c1963
300 _avi,72p
_ccm.
942 _hQ11x, K3
_cTEXL
_2CC
999 _c749527
_d749527